VAT increase will damage the Green Deal, warns Federation of Master Builders (Record no. 82813)

MARC details
000 -LEADER
fixed length control field 00967cad a22002055a 4500
001 - CONTROL NUMBER
control field L151515
008 - FIXED-LENGTH DATA ELEMENTS--GENERAL INFORMATION
fixed length control field 101112e20101102xxk f 000 0 eng d
035 ## - SYSTEM CONTROL NUMBER
System control number (Sirsi) u151515
041 0# - LANGUAGE CODE
Language code of text/sound track or separate title eng
110 2# - MAIN ENTRY--CORPORATE NAME
Corporate name or jurisdiction name as entry element Federation of Master Builders
9 (RLIN) 465
245 00 - TITLE STATEMENT
Title VAT increase will damage the Green Deal, warns Federation of Master Builders
Medium [electronic resource]
260 ## - PUBLICATION, DISTRIBUTION, ETC.
Date of publication, distribution, etc. 2010
490 ## - SERIES STATEMENT
Series statement Federation of Master Builders Press Release
Volume/sequential designation 2 November 2010
520 ## - SUMMARY, ETC.
Summary, etc. Director General of the FMB observes "what happens in the period from January 2011 to autumn 2012 when the Green Deal is expected to become available will be key to the policy?s chances of success."
590 ## - LOCAL NOTE (RLIN)
Local note KA NTK
651 #4 - SUBJECT ADDED ENTRY--GEOGRAPHIC NAME
Geographic name United Kingdom
Chronological subdivision
690 ## - LOCAL SUBJECT ADDED ENTRY--TOPICAL TERM (OCLC, RLIN)
Topical term or geographic name as entry element BUILT ENVIRONMENT-CONSTRUCTION MARKET
856 40 - ELECTRONIC LOCATION AND ACCESS
Uniform Resource Identifier <a href="https://www.fmb.org.uk/news/press-releases/2010/november/vat-increase-will-damage-the-green-deal-warns-fmb021110/">https://www.fmb.org.uk/news/press-releases/2010/november/vat-increase-will-damage-the-green-deal-warns-fmb021110/</a>
Public note View the item free of charge at www.fmb.org.uk
942 ## - ADDED ENTRY ELEMENTS (KOHA)
Suppress in OPAC 0
Holdings
Withdrawn status Lost status Source of classification or shelving scheme Damaged status Not for loan Home library Current library Shelving location Date acquired Total Checkouts Full call number Barcode Date last seen Copy number Price effective from Koha item type
    Dewey Decimal Classification     Virtual Virtual Online 12/11/2010   ONLINE PUBLICATION 151515-2001 06/08/2019 1 06/08/2019 Book